| Tag |
First Indicator |
Second Indicator |
Subfields |
| LEADER |
00000nam a2200000Ia 4500 |
| 001 |
in00004334513 |
| 005 |
20200812093528.0 |
| 006 |
m g d |
| 007 |
cr bn |||a|bb| |
| 008 |
060530s1680 enkaf o 000 0 eng d |
| 035 |
|
|
|a (OCoLC)69648527
|
| 040 |
|
|
|a UMI
|c UMI
|e dcrb
|
| 037 |
|
|
|a CL0037000127
|b ProQuest Information and Learning. 300 N. Zeeb Rd., Ann Arbor, MI 48106
|
| 090 |
|
|
|a BX5145
|b .A4 1680
|
| 049 |
|
|
|a UMIA
|
| 110 |
2 |
|
|a Church of England.
|
| 240 |
1 |
0 |
|a Book of common prayer
|
| 245 |
1 |
4 |
|a The book of common prayer and administration of the sacraments :
|b and other rites and ceremonies of the church, according to the use of the Church of England : together with the Psalter or Psalms of David, pointed as they are to be sung or said in churches.
|
| 260 |
|
|
|a London :
|b Printed by John Bill, Thomas Newcomb, and Henry Hills, Printers to the Kings most excellent Majesty,
|c 1680.
|
| 300 |
|
|
|a 1 online resource ([487] pages, [76] leaves of plates :
|b illustrations.
|
| 336 |
|
|
|a text
|b txt
|2 rdacontent
|
| 337 |
|
|
|a computer
|b c
|2 rdamedia
|
| 338 |
|
|
|a online resource
|b cr
|2 rdacarrier
|
| 500 |
|
|
|a Includes 76 engraved plates.
|
| 500 |
|
|
|a Printed in two columns.
|
| 500 |
|
|
|a Bound in twelves ; D5 bound out of order.
|
| 500 |
|
|
|a Imperfect: pages cropped ; tightly bound and torn with loss of text.
|
| 500 |
|
|
|a Reproduction of original in: Cambridge University Library.
|
| 510 |
4 |
|
|a Wing (2nd edition)
|c B3659B
|
| 533 |
|
|
|a Electronic reproduction.
|b Ann Arbor, Mich. :
|c UMI,
|d 1999-
|f (Early English books online)
|n Digital version of: (Early English Books, 1641-1700 ; 2876:7)
|7 s1999 miun s
|
| 610 |
2 |
0 |
|a Church of England
|x Liturgy
|v Texts
|y 17th century.
|
| 610 |
2 |
0 |
|a Church of England
|x Prayer-books and devotions
|y 17th century.
|
| 730 |
0 |
2 |
|a Bible.
|p O.T.
|p Psalms.
|l English.
|f 1680.
|
| 830 |
|
0 |
|a Early English books online.
|
| 856 |
4 |
0 |
|u http://proxy.library.tamu.edu/login?url=https://search.proquest.com/docview/2240859544
|z Connect to the full text of this electronic book
|t 0
|
| 994 |
|
|
|a 02
|b UMI
|
| 999 |
f |
f |
|s 6bc58188-c2da-3169-a5ae-c2194a48bd93
|i 54ca6731-d05a-315d-9431-986b4120babb
|t 0
|
| 952 |
f |
f |
|a Texas A&M University
|b College Station
|c Electronic Resources
|d Available Online
|t 0
|e BX5145 .A4 1680
|h Library of Congress classification
|
| 998 |
f |
f |
|a BX5145 .A4 1680
|t 0
|l Available Online
|